Brentford Squad 2026 - Statistics

General Stats
  • This quiz has been taken 25 times
  • The average score is 18 of 28
Answer Stats
Nation Age Position Answer % Correct
Ireland 27 GK Caoimhin Kelleher
100%
Ireland 24 CB Nathan Collins
100%
Brazil 24 ST Igor Thiago
93%
Norway 27 CB Kristoffer Ajer
93%
Jamaica 32 CB Ethan Pinnock
86%
Jamaica 28 LB Rico Henry
86%
Scotland 23 RB Aaron Hickey
79%
England 35 CDM Jordan Henderson
79%
Denmark 30 CM Mathias Jensen
79%
Italy 21 RB Michael Kayode
79%
Netherlands 24 CB Sepp van den Berg
79%
Nigeria 28 CM Frank Onyeka
71%
Iceland 24 GK Hakon Valdimarsson
71%
Germany 24 LW Kevin Schade
71%
Denmark 25 CAM Mikkel Damsgaard
71%
Germany 27 CDM Vitaly Janelt
71%
Burkina Faso 23 RW Dango Ouattara
64%
Portugal 23 CAM Fabio Carvalho
64%
England 24 LM Keane Lewis-Potter
57%
Turkey 19 CDM Yunus Konak
50%
Netherlands 20 CAM Antoni Milambo
43%
England 26 LW Reiss Nelson
43%
Ukraine 21 CM Yegor Yarmolyuk
43%
Brazil 20 LW Gustavo Nunes
36%
England 22 GK Matthew Cox
36%
England 27 CM Josh Dasilva
29%
England 19 RW Romelle Donovan
29%
England 24 CM Paris Maghoma
14%
No matching quizzes found
Score Distribution
Percent of People with Each Score
Percentile by Number Answered
Your Score History
You have not taken this quiz